000 00635nam a2200241Ia 4500
003 OSt
005 20220930071758.0
006 a|||||r|||| 00| 0
007 ta
008 220926b |||||||| |||| 00| 0 hin d
024 _a18076
037 _cTheses
040 _aCRL
_cCRL
_bhin
041 _2hin
_ahin
100 _aSushma
110 _aUniversity of Delhi. Faculty of Arts. Department of Sanskrit
245 0 _aVedik sahitya mein shab tatav
260 _c1994
650 _aSANSKRIT
700 _aUniversity of Delhi. Faculty of Arts. Department of Sanskrit
942 _cDIS
_2CC
999 _c862821
_d862821